| 000 | 00329nam a22001337a 4500 | ||
|---|---|---|---|
| 008 | 180920b xxu||||| |||| 00| 0 eng d | ||
| 020 | _a0131486845 | ||
| 041 | _aeng | ||
| 080 |
_24th _a541 |
||
| 100 | _a12 | ||
| 101 | _aKIM | ||
| 245 |
_aFundamentals of General, Organic, and Biological Chemistry _cMurry,M.J |
||
| 942 |
_2udc _cBK |
||
| 999 |
_c48110 _d48110 |
||